TEXTBOOK OF VYAVAHARAYURVEDA (Record no. 7730)

MARC details
000 -LEADER
fixed length control field 00263nam a2200109Ia 4500
082 ## - DEWEY DECIMAL CLASSIFICATION NUMBER
Classification number 615.538
Item number V 13 N
100 ## - MAIN ENTRY--PERSONAL NAME
Personal name NUMBURI,U.R. SOSHAR
245 ## - TITLE STATEMENT
Title TEXTBOOK OF VYAVAHARAYURVEDA
260 ## - PUBLICATION, DISTRIBUTION, ETC. (IMPRINT)
Name of publisher, distributor, etc CHAUKHAMBHA PUB. NEW DELHI
Year of Publication 2013
300 ## - PAGE DESCRIPTION
No. of Pages 362
942 ## - ADDED ENTRY ELEMENTS (KOHA)
Source of classification or shelving scheme Dewey Decimal Classification
Koha item type Books
942 ## - ADDED ENTRY ELEMENTS (KOHA)
-- 42
Holdings
Withdrawn status Lost status Source of classification or shelving scheme Damaged status Not for loan Collection code Home library Current library Date acquired Vendor Name Cost, normal purchase price SGTU Bill Number Total Checkouts Full call number Accession No. (Barcode) Date last seen Date last borrowed Bill Date Koha item type
    Dewey Decimal Classification     AYURVEDA SGT FA-FP Library SGT FA-FP Library 14/09/2015 CHAUKHAMBHA PUB. NEW DELHI 495.00 SGTU CP/B453 4 615.538 V 13 N FA421 21/03/2024 07/03/2024 27/09/2014 Books
    Dewey Decimal Classification     AYURVEDA SGT FA-FP Library SGT FA-FP Library 14/09/2015 CHAUKHAMBHA PUB. NEW DELHI 495.00 SGTU CP/B453 10 615.538 V 13 N FA422 04/11/2024 04/11/2024 27/09/2014 Books
    Dewey Decimal Classification     AYURVEDA SGT FA-FP Library SGT FA-FP Library 14/09/2015 CHAUKHAMBHA PUB. NEW DELHI 495.00 SGTU CP/B453 14 615.538 V 13 N FA423 02/07/2024 26/06/2024 27/09/2014 Books
    Dewey Decimal Classification     AYURVEDA SGT FA-FP Library SGT FA-FP Library 14/09/2015 CHAUKHAMBHA PUB. NEW DELHI 495.00 SGTU CP/B453 7 615.538 V 13 N FA424 05/01/2022 28/12/2021 27/09/2014 Books
    Dewey Decimal Classification     AYURVEDA SGT FA-FP Library SGT FA-FP Library 14/09/2015 CHAUKHAMBHA PUB. NEW DELHI 495.00 SGTU CP/B453 13 615.538 V 13 N FA425 01/08/2022 16/07/2022 27/09/2014 Books